<?xml version="1.0" encoding="UTF-8"?>
<collection xmlns:xsi="http://www.w3.org/2001/XMLSchema-instance" xsi:schemaLocation="http://www.loc.gov/MARC21/slim http://www.loc.gov/standards/marcxml/schema/MARC21slim.xsd" xmlns="http://www.loc.gov/MARC21/slim">
 <record>
  <leader>00000nam a2200000 i 4500</leader>
  <controlfield tag="001">UP-1685675941129655846</controlfield>
  <controlfield tag="003">Buklod</controlfield>
  <controlfield tag="005">20230822154913.0</controlfield>
  <controlfield tag="006">a    gr|    |11 | </controlfield>
  <controlfield tag="007">ta</controlfield>
  <controlfield tag="008">230822s2018||||mau   agr   b 001 0beng  </controlfield>
  <datafield tag="020" ind1=" " ind2=" ">
   <subfield code="a">9780674987111 (hardcover : acid-free paper)</subfield>
  </datafield>
  <datafield tag="035" ind1=" " ind2=" ">
   <subfield code="a">20297475</subfield>
  </datafield>
  <datafield tag="040" ind1="0" ind2=" ">
   <subfield code="a">MH/DLC</subfield>
   <subfield code="b">eng</subfield>
   <subfield code="c">MH</subfield>
   <subfield code="e">rda</subfield>
   <subfield code="d">DLC</subfield>
   <subfield code="d">DAC</subfield>
  </datafield>
  <datafield tag="041" ind1="1" ind2=" ">
   <subfield code="a">eng</subfield>
   <subfield code="a">chi</subfield>
  </datafield>
  <datafield tag="090" ind1=" " ind2=" ">
   <subfield code="a">PL 2687 S5</subfield>
   <subfield code="b">Z96 2018</subfield>
  </datafield>
  <datafield tag="100" ind1="1" ind2=" ">
   <subfield code="a">Zuo, Ya</subfield>
   <subfield code="d">1982-</subfield>
   <subfield code="e">author.</subfield>
  </datafield>
  <datafield tag="245" ind1="1" ind2="0">
   <subfield code="a">Shen Gua's empiricism</subfield>
   <subfield code="c">Ya Zuo.</subfield>
  </datafield>
  <datafield tag="264" ind1=" " ind2="1">
   <subfield code="a">Cambridge, Massachusetts</subfield>
   <subfield code="b">Harvard University Asia Center</subfield>
   <subfield code="c">2018.</subfield>
  </datafield>
  <datafield tag="300" ind1=" " ind2=" ">
   <subfield code="a">xiii, 333 pages</subfield>
   <subfield code="b">illustrations (B&amp;W)</subfield>
   <subfield code="c">24 cm</subfield>
  </datafield>
  <datafield tag="336" ind1=" " ind2=" ">
   <subfield code="a">text</subfield>
   <subfield code="2">rdacontent</subfield>
  </datafield>
  <datafield tag="337" ind1=" " ind2=" ">
   <subfield code="a">unmediated</subfield>
   <subfield code="2">rdamedia</subfield>
  </datafield>
  <datafield tag="338" ind1=" " ind2=" ">
   <subfield code="a">volume</subfield>
   <subfield code="2">rdacarrier</subfield>
  </datafield>
  <datafield tag="490" ind1="1" ind2=" ">
   <subfield code="a">Harvard-Yenching Institute monograph series</subfield>
   <subfield code="v">113</subfield>
  </datafield>
  <datafield tag="504" ind1=" " ind2=" ">
   <subfield code="a">Includes bibliographical references (pages 299-325) and index.</subfield>
  </datafield>
  <datafield tag="505" ind1="0" ind2="0">
   <subfield code="a">Peripateting the world (1051-1063) -- Envisioning learning -- Measuring the world (1063-1075) -- Individuating things -- Reforming the world (1071-1075) -- Buffeted by the world (1075-1085) -- In the system (and then out) -- Brushtalking the world (1085-1095) -- Building a non-system -- Farewell to system -- Reverberating in the world (1100-1800).</subfield>
  </datafield>
  <datafield tag="520" ind1="0" ind2=" ">
   <subfield code="a">&quot;Describes the life of Shen Gua, a distinguished renaissance man in China whose writing included remarkable &quot;scientific&quot; discoveries. Reveals the connection between Shen's life as an active statesman and his empirical inquiries, and provides insights into the dynamics between science and politics in the age of Neo-Confucianism&quot;--Provided by publisher.</subfield>
  </datafield>
  <datafield tag="600" ind1="1" ind2="0">
   <subfield code="a">Shen, Kuo</subfield>
   <subfield code="d">1031-1095.</subfield>
  </datafield>
  <datafield tag="650" ind1=" " ind2="0">
   <subfield code="a">Empiricism.</subfield>
  </datafield>
  <datafield tag="650" ind1=" " ind2="0">
   <subfield code="a">Neo-Confucianism</subfield>
   <subfield code="z">China</subfield>
   <subfield code="x">History.</subfield>
  </datafield>
  <datafield tag="650" ind1=" " ind2="0">
   <subfield code="a">Science</subfield>
   <subfield code="x">Political aspects</subfield>
   <subfield code="z">China.</subfield>
  </datafield>
  <datafield tag="650" ind1=" " ind2="0">
   <subfield code="a">Scientists</subfield>
   <subfield code="z">China</subfield>
   <subfield code="v">Biography.</subfield>
  </datafield>
  <datafield tag="650" ind1=" " ind2="0">
   <subfield code="a">Statesmen</subfield>
   <subfield code="z">China</subfield>
   <subfield code="v">Biography.</subfield>
  </datafield>
  <datafield tag="651" ind1=" " ind2="0">
   <subfield code="a">China</subfield>
   <subfield code="x">Intellectual life</subfield>
   <subfield code="y">960-1644.</subfield>
  </datafield>
  <datafield tag="830" ind1=" " ind2="0">
   <subfield code="a">Harvard-Yenching Institute monograph series</subfield>
   <subfield code="v">113.</subfield>
  </datafield>
  <datafield tag="905" ind1=" " ind2=" ">
   <subfield code="a">FO</subfield>
  </datafield>
  <datafield tag="852" ind1="0" ind2=" ">
   <subfield code="a">UPD</subfield>
   <subfield code="b">DAC</subfield>
   <subfield code="h">PL 2687 S5</subfield>
   <subfield code="i">Z96 2018</subfield>
  </datafield>
  <datafield tag="942" ind1=" " ind2=" ">
   <subfield code="a">Book</subfield>
  </datafield>
 </record>
</collection>
